| 000 | 00814nam a22002412 4500 | ||
|---|---|---|---|
| 001 | 0000020705 | ||
| 005 | 20151217152220.0 | ||
| 008 | 111004s xx 000 0 eng d | ||
| 020 | _a085702371 : | ||
| 040 |
_aKABU _cKABU |
||
| 100 | 1 |
_aRedman, Peter. _@0000181208 |
|
| 245 | 1 | 0 |
_aGood essay writing : _ba social science guide / _cPeter Redman, and Wendy Maples. |
| 250 | _a4th ed. | ||
| 260 |
_aLondon : _bSAGE, _c2011. |
||
| 300 | _aix, 172 p. | ||
| 650 | 0 |
_aEnglish language _xRhetoric. _@0000152050 |
|
| 650 | 0 |
_aSocial sciences _xAuthorship _xProblems, exercises, etc. _@0000181209 |
|
| 650 | 0 |
_aEssay _xAuthorship _xProblems, exercises, etc. _@0000181210 |
|
| 700 | 1 |
_aMaples, Wendy. _@0000181211 |
|
| 852 | 1 | _9p1997.95 KES | |
| 908 | _a111004 | ||
| 950 | _@1 | ||
| 999 |
_c9470 _d9470 |
||